000 00785cam a2200265Ia 4500
001 sjds55998431
003 sjds
005 20200219193455.0
008 040723s2001 mx 000 0 spa d
020 _a9701872487
020 _a9789701872482
040 _aUGX
_cUGX
_dOCLCQ
_dOCLCG
_dJRI
041 _aspa
082 0 4 _a863
_bB8274e
092 _aJ SPANISH FIC
_bBRAZ
100 1 _aBraz, Julio Emilio,
_d1959-
245 1 0 _aEn la oscuridad /
_cJulio Emilio Braz ; [il. de Mauricio Gomez Morin ; tr. de Fatima Andreu].
260 _aMexico, D.F. :
_bSEP :
_bFCE,
_c2001.
300 _a76 p. :
_bil. ;
_c19 cm.
440 0 _aLibros del rincon
650 4 _aLiteratura brasilena.
650 4 _aNovela brasilena.
710 2 _aSecretaria de Educacion Publica.
942 _cBK
_2ddc
999 _c23919
_d23919